Text book of surveying (Record no. 9715)

000 -LEADER
fixed length control field 00462nam a2200193 4500
001 - CONTROL NUMBER
control field 9715
003 - CONTROL NUMBER IDENTIFIER
control field BD-DhUET
008 - FIXED-LENGTH DATA ELEMENTS--GENERAL INFORMATION
fixed length control field 150201b xxu||||| |||| 00| 0 eng d
040 ## - CATALOGING SOURCE
Original cataloging agency DLC
Transcribing agency DLC
Modifying agency BD-DhUET
082 ## - DEWEY DECIMAL CLASSIFICATION NUMBER
Classification number 526.9
Item number SHA/1982
100 ## - MAIN ENTRY--PERSONAL NAME
Personal name Shajahan, M.
245 ## - TITLE STATEMENT
Title Text book of surveying
250 ## - EDITION STATEMENT
Edition statement 1st ed.
260 ## - PUBLICATION, DISTRIBUTION, ETC. (IMPRINT)
Place of publication, distribution, etc. Dacca
Name of publisher, distributor, etc. Kazi Mahfuzur Rahman
Date of publication, distribution, etc. 1982
300 ## - PHYSICAL DESCRIPTION
Extent x, 367p.
Other physical details ill.
650 #0 - SUBJECT ADDED ENTRY--TOPICAL TERM
Topical term or geographic name as entry element Surveying
700 ## - ADDED ENTRY--PERSONAL NAME
Personal name Aziz, M. A.
942 ## - ADDED ENTRY ELEMENTS (KOHA)
Koha item type General Book
Holdings
Not for loan Lost status Withdrawn status Shelving location Damaged status Koha date last seen Koha full call number Koha item type Source of classification or shelving scheme Copy number Koha date last borrowed Koha out on loan Price effective from Location (home branch) Date acquired Koha issues (times borrowed) Koha normalized classification for sorting Piece designation (barcode) Sublocation or collection (holding branch)
   Circulation section 2025-12-02526.9/SHA/1982General Book 12024-11-19 2015-02-01Central Library, BUET2015-02-017526_900000000000000_SHA_198256198 Central Library, BUET
   Circulation section 2024-11-19526.9/SHA/1982General Book 22024-11-192024-12-032015-03-24Central Library, BUET2015-03-248526_900000000000000_SHA_198256200Central Library, BUET
   Reading section 2015-06-08526.9/SHA/1982Reading Item 3  2015-06-08Central Library, BUET2015-06-08 526_900000000000000_SHA_198256191Central Library, BUET
   Reading section 2015-06-08526.9/SHA/1982Reading Item 4  2015-06-08Central Library, BUET2015-06-08 526_900000000000000_SHA_198256195Central Library, BUET
   Reading section 2015-06-09526.9/SHA/1982Reading Item 5  2015-06-09Central Library, BUET2015-06-09 526_900000000000000_SHA_198256192Central Library, BUET
   Reading section 2015-06-13526.9/SHA/1982Reading Item 6  2015-06-13Central Library, BUET2015-06-13 526_900000000000000_SHA_198256194Central Library, BUET